00446nam a2200193Ia 4500003000900000008004100009040001300050040001300063041000800076100002400084245004900108250001200157260002100169260000900190300001100199300001200210490002400222490000600246IT-RoPAU120407s9999 xx 000 0 und d aIT-RoPAU cIT-RoPAU aita aFerruccio Parazzoli aGesù e le donne. Illustrazioni di N. Musio aMilano  aEdizioni Paoline c1989 a119 p. c29,7 cm aLetteratura biblica v1